360 degrees: magazine on sustainability 2007 climate protection
Guardado en:
| Formato: | Libro |
|---|---|
| Lenguaje: | inglés |
| Publicado: |
Stuttgart
DaimlerChrysler AG
2007
|
| Materias: | |
| Etiquetas: |
Sin Etiquetas, Sea el primero en etiquetar este registro!
|
MARC
| LEADER | 00000nam$a2200000$$$4500 | ||
|---|---|---|---|
| 001 | 0070329 | ||
| 005 | 20240315123252.7 | ||
| 041 | 0 | |a eng | |
| 044 | |a DE | ||
| 245 | 1 | 0 | |a 360 degrees: magazine on sustainability 2007 |b climate protection |
| 264 | 1 | |a Stuttgart |b DaimlerChrysler AG |c 2007 | |
| 300 | |a 98 s. | ||
| 610 | 2 | 0 | |a automobily |
| 610 | 2 | 0 | |a výroba |
| 610 | 2 | 0 | |a firmy |
| 610 | 2 | 0 | |a ochrana prostredia životného |
| 610 | 2 | 0 | |a rast hospodársky |
| 610 | 2 | 0 | |a politika sociálna |
| 610 | 2 | 0 | |a rozvoj podniku |
| 610 | 2 | 0 | |a stabilizácia podniku |
| 610 | 2 | 0 | |a podnikanie |
| 610 | 2 | 0 | |a zamestnanci |
| 610 | 2 | 0 | |a filiálky |
| 610 | 2 | 0 | |a 2007 |